Sexualidad y adolescencia: texto padres
Shranjeno v:
| Glavni avtor: | |
|---|---|
| Format: | Knjiga |
| Jezik: | španščina |
| Izdano: |
Santiago
Universidad Católica de Chile
1994
|
| Izdaja: | 1a. ed |
| Serija: | Aprendizaje
|
| Teme: | |
| Online dostop: | tabla de contenidos 1 |
| Oznake: |
Označite
Brez oznak, prvi označite!
|
MARC
| LEADER | 00000nam a2200000 a 4500 | ||
|---|---|---|---|
| 001 | UCX8936 | ||
| 003 | CL-VaPUC | ||
| 008 | 940506e19940000CL |||||||||||||||||spa|d | ||
| 020 | |a 9561403137 | ||
| 082 | 0 | 4 | |a 612.6 |b SIL |2 21 |
| 100 | 0 | |a Silva, Mónica |e author |9 326181 | |
| 245 | 1 | 0 | |a Sexualidad y adolescencia: texto padres |
| 250 | |a 1a. ed | ||
| 300 | |a 81 p | ||
| 942 | |c BK | ||
| 945 | |d 19940506 00:00:00 |a rbrito | ||
| 260 | |a Santiago |b Universidad Católica de Chile |c 1994 | ||
| 650 | 0 | |a Educación sexual |9 308005 | |
| 856 | 7 | |f UCX8936_02.jpg |u http://opac.pucv.cl/pucv_img/Img-8500/UCX8936_02.jpg |q JEPG |2 file |z tabla de contenidos 1 | |
| 583 | |a last modification |c 19940506 00:00:00 |k Rodrigo Vera | ||
| 490 | 0 | |a Aprendizaje | |
| 999 | |c 228300 |d 228298 | ||
| 952 | |0 0 |1 0 |4 0 |6 612_600000000000000_SIL_1994 |7 0 |8 P |9 228220 |a BIBEDU |b BIBEDU |c BIBEDU_PB |d 2019-11-15 |i 2972476 |o 612.6 SIL 1994 |p 2972476 |r 2024-01-25 |w 2019-11-15 |y BK |k EDU | ||
| 952 | |0 0 |1 0 |4 0 |6 612_600000000000000_SIL_1994 |7 0 |8 A |9 228221 |a BIBTEO |b BIBTEO |d 2019-11-15 |i 3012778 |o 612.6 SIL 1994 |p 3012778 |r 2025-01-17 |w 2019-11-15 |y BK |k ICR | ||
| 952 | |0 0 |1 0 |4 0 |6 612_600000000000000_SIL_1994 |7 0 |8 P |9 228222 |a BIBEDU |b BIBEDU |c BIBEDU_PB |d 2019-11-15 |i 308132K |o 612.6 SIL 1994 |p 308132K |r 2024-01-25 |w 2019-11-15 |y BK |k EPE | ||
| 952 | |0 0 |1 0 |4 0 |6 612_600000000000000_SIL_1994 |7 0 |8 P |9 228223 |a BIBEDU |b BIBEDU |c BIBEDU_PB |d 2019-11-15 |i 3081338 |o 612.6 SIL 1994 |p 3081338 |r 2024-01-25 |w 2019-11-15 |y BK |k EPE | ||
| 952 | |0 0 |1 0 |4 0 |6 612_600000000000000_SIL_1994 |7 0 |8 P |9 228224 |a BIBEDU |b BIBEDU |c BIBEDU_PB |d 2019-11-15 |i 3081346 |o 612.6 SIL 1994 |p 3081346 |r 2024-01-25 |w 2019-11-15 |y BK |k PSI | ||
| 952 | |0 0 |1 2 |4 0 |6 612_600000000000000_SIL_1994 |7 0 |8 A |9 228225 |a BIBTEO |b BIBTEO |d 2019-11-15 |i 3419886 |o 612.6 SIL 1994 |p 3419886 |r 2019-11-15 |w 2019-11-15 |y BK |k ICR | ||
| 952 | |0 0 |1 0 |4 0 |6 612_600000000000000_SIL_1994 |7 0 |8 A |9 228226 |a BIBTEO |b BIBTEO |d 2019-11-15 |i 3419894 |o 612.6 SIL 1994 |p 3419894 |r 2025-01-17 |w 2019-11-15 |y BK |k ICR | ||
| 952 | |0 0 |1 0 |4 0 |6 612_600000000000000_SIL_1994 |7 0 |8 A |9 228227 |a BIBTEO |b BIBTEO |d 2019-11-15 |i 3419908 |o 612.6 SIL 1994 |p 3419908 |r 2025-01-17 |w 2019-11-15 |y BK |k ICR | ||
| 952 | |0 0 |1 0 |4 0 |6 612_600000000000000_SIL_1994 |7 0 |8 A |9 228228 |a BIBTEO |b BIBTEO |d 2019-11-15 |i 3419916 |o 612.6 SIL 1994 |p 3419916 |r 2025-01-17 |w 2019-11-15 |y BK |k ICR | ||
| 952 | |0 0 |1 0 |4 0 |6 612_600000000000000_SIL_1994 |7 0 |8 P |9 228229 |a BIBEDU |b BIBEDU |c BIBEDU_PB |d 2019-11-15 |i 4493885 |o 612.6 SIL 1994 |p 4493885 |r 2024-01-25 |w 2019-11-15 |y BK |k EBA | ||